An annotated translation and transliteration of tibyan fi ma'rifat al-adyan of Nur al-din al-raniri /
Saved in:
| Main Author: | |
|---|---|
| Other Authors: | |
| Format: | Thesis |
| Language: | English |
| Published: |
Kuala Lumpur :
International Institute of Islamic Thought and Civilization (ISTAC),
2003
|
| Subjects: | |
| Online Access: | http://studentrepo.iium.edu.my/handle/123456789/2465 |
| Tags: |
Add Tag
No Tags, Be the first to tag this record!
|
| LEADER | 025970000a22004690004500 | ||
|---|---|---|---|
| 001 | 315933 | ||
| 005 | 20230420140732.0 | ||
| 008 | 050315s2003 my g b 000 0 eng d | ||
| 035 | |a (Sirsi) 315933 | ||
| 040 | |a UIAM |b eng | ||
| 041 | 0 | |a engmay | |
| 050 | |a BL41 | ||
| 100 | 1 | |a Mohd. Rushdan Bin Mohd. Jailani |9 123554 | |
| 245 | 1 | 3 | |a An annotated translation and transliteration of tibyan fi ma'rifat al-adyan of Nur al-din al-raniri / |c by Mohd. Rushdan Bin Mohd. Jailani |
| 260 | |a Kuala Lumpur : |b International Institute of Islamic Thought and Civilization (ISTAC), |c 2003 | ||
| 300 | |a vii, 226 lvs ; |c 31 cm. | ||
| 336 | |2 rdacontent | ||
| 337 | |2 rdamedia | ||
| 338 | |2 rdacarrier | ||
| 500 | |a Abstract in English. | ||
| 500 | |a "A thesis submitted to the International Institute of Islamic Thought and Civilization (ISTAC) in partial fulfillment of the degree of Master of Arts" -- On t.p. | ||
| 502 | |a Thesis (Master)--International Islamic University Malaysia, International Institute of Islamic Thought and Civilization, 2003. | ||
| 504 | |a Includes bibliographical references (lvs 222-226). | ||
| 600 | 1 | 0 | |a Raniri, Nur al-Din, |d 17th cent. |t Tibyan fi ma'rifat al-adyan |9 123107 |
| 600 | 1 | 0 | |a Raniri, Nur al-Din, |d 17th cent. |x Views on other religions |9 123108 |
| 650 | 0 | |a Religions |x Comparative studies |9 123302 | |
| 650 | 0 | |a Religions |x Study and teaching |9 56698 | |
| 650 | 0 | |a Islam |x History |z Indonesia Acheh |9 123303 | |
| 650 | 0 | |a Belief and doubt |9 82205 | |
| 650 | 0 | |a Bid'ah |9 18136 | |
| 655 | 0 | 7 | |a Theses, IIUM local |
| 690 | 0 | |a Dissertations, Academic |x International Institute of Islamic Thought and Civilization |z IIUM | |
| 700 | 1 | 0 | |a Raniri, Nur al-Din, |d 17th cent. |t Tibyan fi ma'rifat al-adyan |9 123107 |
| 710 | 2 | |a International Islamic University Malaysia. |b International Institute of Islamic Thought and Civilization | |
| 856 | 4 | |u http://studentrepo.iium.edu.my/handle/123456789/2465 | |
| 900 | |a nznm-za | ||
| 942 | |2 lcc |n 0 | ||
| 999 | |c 432228 |d 466308 | ||
| 952 | |0 0 |6 T BL 000041 M697A 2003 |7 0 |8 THESES |9 752428 |a SMNAL |b SMNAL |c CLOSEACCES |g 0.00 |o t BL41M697A 2003 |p 00000881325 |r 1900-01-02 |t 1 |v 0.00 |y THESIS | ||
| 952 | |0 0 |6 T BL 000041 M697A 2003 |7 0 |8 THESES |9 756792 |a IIUM |b IIUM |c MULTIMEDIA |g 0.00 |o t BL 41 M697A 2003 |p 11100343496 |r 2017-10-17 |t 1 |v 0.00 |y THESIS | ||
| 952 | |0 0 |6 T BL 000041 M697A 2003 |7 0 |8 THESES |9 756793 |a IIUM |b IIUM |c MULTIMEDIA |g 0.00 |o t BL 41 M697A 2003 |p 11100325198 |r 2017-10-17 |t 2 |v 0.00 |y THESIS | ||
| 952 | |0 0 |6 T BL 000041 M697A 2003 |7 0 |8 THESES |9 756794 |a IIUM |b IIUM |c MULTIMEDIA |g 0.00 |o t BL 41 M697A 2003 |p 11100325197 |r 2017-10-17 |t 3 |v 0.00 |y THESIS | ||
